Statistics for 2011 Year in Review

Click here to take the quiz!

General Stats

  • This quiz has been taken 33,978 times
    (18,610 since last reset)
  • The average score is 13 of 23

Answer Stats

Question Answer % Correct
Terrorist leader killed by U.S.
troops on May 2nd
Osama bin Laden
96%
Technology CEO who died of cancerSteve Jobs
86%
New voice-activated personal assistant
for the iPhone
Siri
84%
Country struck by a 9.0 earthquake
and tsunami
Japan
83%
Prince William's new wifeKate Middleton
83%
Country where he was hidingPakistan
81%
Musical act who performed "Rolling in the Deep"Adele
81%
European country that defaulted
on part of its debt
Greece
78%
Arab countries whose governments
were overthrown
Egypt
67%
Musical act who performed "Sexy And I Know It"LMFAO
63%
Name for that uprisingArab {Spring}
61%
He replaced Charlie Sheen on
"Two and a Half Men"
Ashton Kutcher
61%
Arab countries whose governments were overthrownLibya
60%
Newly-independent African countrySouth Sudan
55%
69 people at a youth camp were killed
by a lone gunman in this country
Norway
53%
City whose nuclear plant melted downFukushima
44%
Arab countries whose governments were overthrownTunisia
43%
Protest group that said "We are the 99%"Occupy Wall Street
34%
Quarterback whose name
became a verb
Tim Tebow
33%
American who was acquitted of murder
by an Italian appeals court
Amanda Knox
23%
Musical act who performed "It Will Rain"Bruno Mars
22%
Congresswoman shot in an
attempted assassination
Gabby Giffords
19%
City where he was hidingAbbottabad
15%

Score Distribution

Percentile by Number Answered

Percent of People with Each Score

Your Score History

You have not taken this quiz since the last reset